000 00944nam a2200253Ia 4500
003 OSt
005 20220923220646.0
006 a|||||r|||| 00| 0
007 ta
008 220922b |||||||| |||| 00| 0 hin d
024 _a188,709
037 _cTextual
040 _aARTS
_cARTS
_bhin
041 _2hin
_ahin
082 _aO152,2M50,SH, L3
100 _aभारतेंदु हरिश्चन्द्र; मिश्र, शिवप्रसाद, संपा.
_9164531
245 0 _aसत्यहरिश्चन्द्
246 _aSatyaharishchand
250 _aसंस्क0 2
260 _aकाशी
_b नागरीप्रारिणी सभा
_c1973
300 _a65 पृ.
_ccm.
942 _hO152,2M50,SH, L3
_cTEXL
_2CC
999 _c341603
_d341603